000 00567nam a22002297a 4500
001 86731
003 UA-OsUOA
005 20211105214458.0
007 ta
008 20120910b un ||||| |||| 00| 0 ukr d
040 _aUA-OsUOA
_brus
_cUA-OsUOA
_dUA-OsUOA
041 _arus
080 _a94(470+571)
090 _a94(470+571)
_bШ66
100 _aШкаренков Л. К.
245 _aАгония белой эмиграции
260 _aМ.
_bМысль
_c1986
300 _a272 с.
650 7 _a94 Історія
_2UDC
942 _cBK
_2udc
955 _a1
999 _c372889
_d372889